000 00365nam a2200145 i 4500
001 bg
100 1 _aLIPCER, R. Sz.
245 0 _aStatystyka procesów stachastycznych /
_cR.Sz. Lipcer, A.N. Sziriajew.
260 _aWarszawa,
_c1981.
700 1 _aSZIRIAJEW, A. N.
040 _cBPK
041 _apol
942 _cKS
008 s pl f |000 0 pol
999 _c19929
_d19929
856 _uhttp://koha.tu.koszalin.pl/cgi-bin/koha/opac-detail.pl?biblionumber=19929
_yKatalog online BPK